00432nam a2200169Ia 4500008004100000041001200041082002000053100002000073245003700093365001000130520001200140546001200152630003700164650001200201655001200213730003700225101110s9999 xx 000 0 und d aENGLISH bSR4770a954.591 aStamp L. Dudley aIndia, Pakistan Ceylon and Burma b11.25 aHistory aENGLISH aIndia, Pakistan Ceylon and Burma aHistory aHistory aIndia, Pakistan Ceylon and Burma